Керамика (Запись № 1480674)

Подробности
000 -МАРКЕР
контрольное поле 02088nam0a2200325 4500
001 - ИДЕНТИФИКАТОР ЗАПИСИ
контрольное поле RU\NLR\bibl\1753739
005 - ИДЕНТИФИКАТОР ВЕРСИИ
контрольное поле 20260408022619.0
010 ## - МЕЖДУНАРОДНЫЙ СТАНДАРТНЫЙ НОМЕР КНИГИ (ISBN)
Номер (ISBN) 978-5-9900742-3-1
Тираж 500
021 ## - НОМЕР ГОСУДАРСТВЕННОЙ РЕГИСТРАЦИИ
Код страны Российская Федерация
Номер 2011-14341
Номер Листа государственной регистраци 1022
035 ## - ДРУГИЕ СИСТЕМНЫЕ НОМЕРА
Идентификатор записи (NLR Aleph) 001744581
100 ## - ДАННЫЕ ОБЩЕЙ ОБРАБОТКИ
Данные общей обработки 20110401d2010 |||y0rusy50 ca
101 0# - ЯЗЫК РЕСУРСА
Язык текста, звукозаписи и т.д. русский
102 ## - СТРАНА ПУБЛИКАЦИИ ИЛИ ПРОИЗВОДСТВА
Страна публикации Российская Федерация
105 ## - ПОЛЕ КОДИРОВАННЫХ ДАННЫХ: ТЕКСТОВЫЕ МАТЕРИАЛЫ, МОНОГРАФИЧЕСКИЕ
Кодированные данные о монографическом текстовом документе ac |||||||||
200 1# - ЗАГЛАВИЕ И СВЕДЕНИЯ ОБ ОТВЕТСТВЕННОСТИ
Основное заглавие Керамика
Сведения, относящиеся к заглавию Кафедра художественной керамики МГХПА им. С.Г.Строганова
-- к 185-летию со дня основания Московской художественно-промышленной академии им. С.Г. Строганова
Первые сведения об ответственности авт.-сост.: А.М. Лиховцев
Последующие сведения об ответственности под общ. ред. к. искусствоведения, проф., чл. МОСХ А.Л. Удальцовой
210 ## - ПУБЛИКАЦИЯ, РАСПРОСТРАНЕНИЕ И ДР.
Место издания, распространения и т.д. Москва
Имя издателя, распространителя и т. д. Индивидуальный предприниматель Лиховцева Валентина Искандеровна
Дата издания, распространения и т.д. 2010
215 ## - ФИЗИЧЕСКАЯ ХАРАКТЕРИСТИКА
Специфическое обозначение материала и объем 144 с.
Другие сведения о физической характеристике ил., цв. ил., портр.
Размеры 28
601 02 - НАИМЕНОВАНИЕ ОРГАНИЗАЦИИ КАК ПРЕДМЕТ
Начальный элемент ввода Московская государственная художественно-промышленная академия им. С.Н. Строганова
Структурное подразделение организации Кафедра художественной керамики
Тематический подзаголовок Профессора и преподаватели
Системный номер авторитетной/нормативной записи 2616333
Идентификатор авторитетной/нормативной записи RU\NLR\auth\661552892
606 1# - НАИМЕНОВАНИЕ ТЕМЫ КАК ПРЕДМЕТ
Наименование темы Керамика русская
Хронологический подзаголовок 20 - 21 вв.
Системный номер авторитетной/нормативной записи 2477005
Идентификатор авторитетной/нормативной записи RU\NLR\auth\661470708
686 ## - ИНДЕКСЫ ДРУГИХ КЛАССИФИКАЦИЙ
Индекс Ч489.714.2
686 ## - ИНДЕКСЫ ДРУГИХ КЛАССИФИКАЦИЙ
Индекс Щ125.13(2Р=Рус)7
702 #1 - ИМЯ ЛИЦА - ВТОРИЧНАЯ ОТВЕТСТВЕННОСТЬ
Начальный элемент ввода Лиховцев
Часть имени, кроме начального элемента ввода А. М.
Код отношения Составитель
702 #1 - ИМЯ ЛИЦА - ВТОРИЧНАЯ ОТВЕТСТВЕННОСТЬ
Начальный элемент ввода Удальцова
Часть имени, кроме начального элемента ввода А. Л.
Расширение инициалов личного имени Анна Леонидовна
Код отношения Редактор
712 02 - НАИМЕНОВАНИЕ ОРГАНИЗАЦИИ - ВТОРИЧНАЯ ОТВЕТСТВЕННОСТЬ
Код отношения Прочие
Начальный элемент ввода Московская государственная художественно-промышленная академия им. С. Г. Строганова
Структурное подразделение Кафедра художественной керамики
Идентификатор авторитетной/нормативной записи RU\NLR\AUTH\8810182961
Системный номер авторитетной/нормативной записи 862637
801 #0 - ИСТОЧНИК ЗАПИСИ
Страна Российская Федерация
Организация NLR
Дата составления 20110401
Правила каталогизации RCR
801 #1 - ИСТОЧНИК ЗАПИСИ
Страна Российская Федерация
Организация NLR
Дата составления 20110401
942 ## - ДОПОЛНИТЕЛЬНЫЕ ЭЛЕМЕНТЫ ЗАПИСИ (АБИС)
Тип экземпляра АБИС Книга
980 ## - КОЛЛЕКЦИЯ
Название коллекции Национальная библиография
Экземпляры
Тип экземпляра Дата поступления Источник поступления Библиотека постоянного хранения Библиотека текущего хранения Место хранения Шифр хранения Штрих-код Статус экземпляра
Книга 01.04.2011 Обязательный экземпляр РНБ (Московский) РНБ (Московский) Русский книжный фонд: издания с 1957 года 2011-8/1134 1-1577475  
Книга 01.04.2011 Обязательный экземпляр РНБ (Московский) РНБ (Московский) Русский книжный фонд: издания с 1957 года 2011-8/1134 3388919